Ketika sena gugur lagi
| Main Author: | |
|---|---|
| Format: | Book |
| Published: |
Kuala Lumpur :
Dewan Bahasa Dan Pustaka ,
1991
|
| Subjects: |
MARC
| LEADER | 00000cam a2200000 7i4500 | ||
|---|---|---|---|
| 001 | 0000009414 | ||
| 002 | 000010251 | ||
| 005 | 20000330.0 | ||
| 020 | |a 9836223908 | ||
| 090 | 0 | 0 | |a F |b KET |
| 100 | 0 | |a Ghazali Ngah Azia | |
| 245 | 1 | 0 | |a Ketika sena gugur lagi |c Ghazali Ngah Azia |
| 260 | |a Kuala Lumpur : |b Dewan Bahasa Dan Pustaka , |c 1991 | ||
| 300 | |a 204p ; |c 18cm. | ||
| 650 | 0 | 0 | |a Short stories, Malay |
| 999 | |a 039670 |b BUKU |c PINJAMAN |e PERPUSTAKAAN KOMUNITI PETALING JAYA | ||